[Event "RSA-ch U16"]
[Site "Gauteng"]
[Date "2017.04.09"]
[Round "8"]
[White "Pather, Cayden"]
[Black "Felix, Devon"]
[Result "1-0"]
[WhiteElo "1280"]
[BlackElo "1688"]
[PlyCount "33"]
[EventDate "2017.04.05"]
[EventType "swiss"]
[EventRounds "11"]
[EventCountry "RSA"]
[SourceTitle "CBM 177 Extra"]
[Source "ChessBase"]
[SourceDate "2017.04.27"]
[SourceVersion "1"]
[SourceVersionDate "2017.04.27"]
[SourceQuality "1"]

1. e4 e5 2. Nc3 Nc6 3. f4 exf4 4. Nf3 d6 5. d4 g6 6. Bxf4 Bg7 7. Bb5 Bd7 8. Qd2 Qe7 9. 0-0 0-0-0 10. Bxc6 Bxc6 11. d5 Bd7 12. Rfe1 f6 13. Be3 Kb8 14. a4 h5 15. a5 Bh6 16. Nd4 Bxe3+ 17. Qxe3 1-0

[Event "RSA-ch U16"]
[Site "Gauteng"]
[Date "2017.04.07"]
[Round "5"]
[White "Felix, Devon"]
[Black "Reddy, Ananta"]
[Result "1/2-1/2"]
[WhiteElo "1688"]
[BlackElo "1641"]
[PlyCount "70"]
[EventDate "2017.04.05"]
[EventType "swiss"]
[EventRounds "11"]
[EventCountry "RSA"]
[SourceTitle "CBM 177 Extra"]
[Source "ChessBase"]
[SourceDate "2017.04.27"]
[SourceVersion "1"]
[SourceVersionDate "2017.04.27"]
[SourceQuality "1"]

1. e4 c5 2. Nc3 Nc6 3. f4 g6 4. Bc4 Bg7 5. Nf3 e6 6. d3 Nge7 7. 0-0 d5 8. Bb5 0-0 9. Bxc6 Nxc6 10. e5 a6 11. Qe1 f6 12. Qg3 Qc7 13. f5 gxf5 14. Bh6 Nxe5 15. Nxe5 fxe5 16. Rae1 Rf6 17. Bxg7 Qxg7 18. Qxe5 Rg6 19. Qxg7+ Rxg7 20. Na4 Rc7 21. Nb6 Rb8 22. Nxc8 Rbxc8 23. Rxe6 d4 24. Rxf5 c4 25. Re2 cxd3 26. cxd3 Rc1+ 27. Rf1 b5 28. Re4 R1c2 29. Rf2 Rc1+ 30. Rf1 R1c2 31. Rxd4 Rxb2 32. Rg4+ Kh8 33. a4 b4 34. h3 b3 35. Rb4 Rd8 1/2-1/2